000 00610naa a2200205 i 4500
001 13722
003 ES-MaBCM
005 20241016091802.0
008 910325s1991 esp 000 0 spa d
021 _axx
035 _a(OCoLC)1293706452
040 _cES-MaBCM
041 0 _aspa
043 _aesp
100 1 _aGarcía Pardo, Amparo
_917843
245 1 3 _aEl comercio internacional 1989-90
_cAmparo García Pardo
650 2 7 _aComercio internacional
_957970
773 0 _aEn:
_tInformación comercial española. Boletín económico
_dMadrid : 1991
_w104444
_gnº 2267, febrero ; p. 415-419
942 _cAREV
999 _c13722
_d13722